00625nam a22001817a 4500003000500000005001700005008004100022010001000063011001000073035001000083040000900093110009000102245014300192260003600335300001000371650003600381700002600417CHAP20220329135719.0971013s1969 r 00010 d a41020 a41992 a46119 cCHAP aFondo de Garantía y Fomento para la Agricultura, Ganadería y Avicultura. México aInforme al gobierno de México sobre el programa de crédito supervisado; basado en la lobor del Ing. J.M. Luján, experto de la F.A.O. aMéxico, D.F. :b(s.e.),c1969 a48 p.14aCrédito agrícolazMéxico.0 aLuján, Juan Manuel.